000 00572nam a2200205Ia 4500
003 IN-BaIIA
008 211028s9999 xx 000 0 eng d
020 _a978-3-319-00974-2
040 _cIIA Library
080 _a523.43:82-31
_bKAN
100 _aKanas, Nick
_936361
245 4 _aThe New martians
_cNick Kanas
260 _aCham
_bSpringer
_c2014
300 _aviii, 123p.
490 _aScience and fiction
650 _aExtraterrestrial physics
_936189
650 _aPhysics
_973
650 _aSpace flight - psychological aspects - fiction
_936362
942 _cBK
999 _c19043
_d19043